| 000 | 01709cam a2200385 a 4500 | ||
|---|---|---|---|
| 001 | 13533700 | ||
| 003 | OSt | ||
| 005 | 20180116183012.0 | ||
| 008 | 040323s2004 maua b 100 0 eng | ||
| 010 | _a 2004047073 | ||
| 020 | _a184376136X | ||
| 020 | _a9781843761365 | ||
| 040 |
_aDLC _cDLC |
||
| 042 | _apcc | ||
| 050 | 0 | 0 |
_aHD62.4 _b.M396 2004 |
| 082 | 0 | 0 |
_a658.1/8 JON 2004 _222 |
| 100 | _aMarian V. Jones | ||
| 111 | 2 |
_aMcGill Conference on International Entrepreneurship _n(4th : _d2002 : _cUniversity of Strathclyde) |
|
| 245 | 1 | 0 |
_aEmerging paradigms in international entrepreneurship / _cedited by Marian V. Jones and Pavlos Dimitratos. |
| 260 |
_aNorthhampton, MA : _bEdward Elgar Pub., _c2004. |
||
| 300 |
_axiv, 381 p. : _bill. ; $c 24 cm. |
||
| 440 | 4 | _aThe McGill international entrepreneurship series | |
| 500 | _a"This edited volume ... stems from the 4th McGill Conference [on International Entrepreneurship] hosted by the Strathclyde International Business Unit, University of Strathclyde, Glasgow, September 2002"--P. . | ||
| 504 | _aIncludes bibliographical references. | ||
| 650 | 0 |
_aInternational business enterprises _xManagement _vCongresses. |
|
| 650 | 0 |
_aEntrepreneurship _vCongresses. |
|
| 650 | 0 |
_aSmall business _xComputer network resources _vCongresses. |
|
| 650 | 0 |
_aInternet _vCongresses. |
|
| 650 | 0 |
_aGlobalization _xEconomic aspects _vCongresses. |
|
| 700 | 1 |
_aJones, Marian, _d1956- |
|
| 700 | 1 |
_aDimitratos, Pavlos, _d1967- |
|
| 906 |
_a7 _bcbc _corignew _d1 _eocip _f20 _gy-gencatlg |
||
| 942 |
_2ddc _cBK |
||
| 999 |
_c350310 _d350310 |
||